Statistiques concernant Paroles de Lego Ninjago 1-12

Cliquez ici pour prendre le quiz!

Statistiques générales

  • Ce quiz a été pris 114 fois
  • Le résultat moyen est 6 sur 10

Statistiques - réponses

QuestionRéponse% Correct
Vous devez faire tout ce qui est en votre pouvoir pour arrêter le Grand Dévoreur. Go ninja go !Wu
94%
Enfin, le Grand Dévoreur va se réveiller !Pythor
88%
À la prochaine, les idiots !Pythor
85%
Mon destin est d'affronter Pythor en tête à tête. Le vôtre est de protéger le ninja vert.Wu
82%
Je suis désolé de ne pas vous aider, mais je suis vraiment pressé, je dois terminer cette histoire de Grand Dévoreur.Pythor
71%
Ce qu'il veut dire, Senseï, c'est que tu es comme le lever du jour, on ne peut pas commencer une journée sans toi.Zane
52%
Tu t'inquiètes sans raison, j'ai déjà tout organisé.Skales
45%
Un train. Non, ce n'est pas un train, c'est une forteresse mouvante.Wu
44%
Senseï, nous sommes prêts à détruire les quatre lames sacrées, mais tu semble indifférent.Zane
42%
En parlant de vert, je n'avais jamais cru que Lloyd serait le fameux ninja vert.Jay
31%

Distribution des résultats

Percentile par nombre de réponses

% des personnes avec chaque résultat

Votre développement - résultats

Vous n’avez pas pris ce quiz